Změňte přístup ke školení zaměstnanců

Päť chýb, ktoré zo školenia urobia stratu času a peňazí. Efektívne riadenie vzdelávania. Ako zistiť skutočné vzdelávacie potreby. Ako vybrať školenie. Ako zabezpečiť, aby zamestnanci začali používať nové poznatky. Ako školiť preškolených zamestnancov. Príklady z praxe.

Guardado en:
Detalles Bibliográficos
Autor principal: Tejnorová, Jitka
Formato: Capítulo de libro
Lenguaje:checo
Materias:
Etiquetas: Agregar Etiqueta
Sin Etiquetas, Sea el primero en etiquetar este registro!

MARC

LEADER 00000naa a2200000 4500
001 0151193
005 20231211073304.7
041 0 |a cze 
044 |a CZ 
245 1 0 |a Změňte přístup ke školení zaměstnanců  |c Jitka Tejnorová 
520 |a Päť chýb, ktoré zo školenia urobia stratu času a peňazí. Efektívne riadenie vzdelávania. Ako zistiť skutočné vzdelávacie potreby. Ako vybrať školenie. Ako zabezpečiť, aby zamestnanci začali používať nové poznatky. Ako školiť preškolených zamestnancov. Príklady z praxe. 
610 2 0 |a vzdelávanie 
610 2 0 |a zamestnanci 
610 2 0 |a školenie odborné 
610 2 0 |a koučovanie 
610 2 0 |a teória a prax 
100 1 |a Tejnorová, Jitka